000
00303nam a22001337a 4500
020
_a
0-7214-1919-4
082
_a
823
_b
MOR/D
100
_a
MORTON,CHRISTINE
245
_a
DON'T WORRY WILLIAM
260
_a
UK
_b
LADYBIRD
520
_a
ENGLISH SHORT STORY
650
_a
ENGLISH SHORT STORY
_z
UK
942
_c
BK
999
_c
4885
_d
4885